A TO L Animals - Statistics

General Stats
  • This quiz has been taken 20 times
  • The average score is 8 of 12
Answer Stats
Picture Hint Answer % Correct
L Leopard
100%
A Albatross
65%
B Bat
65%
C Cheetah
65%
F Fox
65%
G Giraffe
65%
H Hyena
65%
D Dingo
59%
I Ibex
59%
J Jackal
59%
K Kangaroo
59%
E Echidna
53%
No matching quizzes found
Score Distribution
Percent of People with Each Score
Percentile by Number Answered
Your Score History
You have not taken this quiz